Jóvenes en escena Recordamos para el futuro /

Cortos audiovisuales realizados por jóvenes de escuelas y organizaciones sociales en el marco del Programa Jóvenes y Memoria de la Comisión provincial por la Memoria. Los trabajos abordan problemas específicos relacionados con su localidad y expresan los interrogantes que los/as jóvenes se han plant...

Descripción completa

Guardado en:
Autores Corporativos: Programa Jóvenes y Memoria., Comisión Provincial por la memoria., Escuela Normal Superior UNS.
Formato: Deslizar
Idioma:Undetermined
Publicado: La Plata, 2008.
Series:Colección Jóvenes y memoria ; 3
Materias:
Acceso en línea:https://www.comisionporlamemoria.org/jovenesymemoria/colecciones/vol-3/
Etiquetas: Agregar Etiqueta
Sin Etiquetas, Sea el primero en etiquetar este registro!
LEADER 02252ngm a22003255a 4500
001 CEM.cems019890
008 221212s2008####xx#---############vlund#d
005 20221214201236.0
245 1 0 |a Jóvenes en escena  |h [videograbación] :  |b Recordamos para el futuro /  |c Programa Jóvenes y Memoria. Comisión provincial por la Memoria. 
260 |a La Plata,  |c 2008. 
300 |a 20'. 
490 1 |a Colección Jóvenes y memoria ;  |v 3 
505 0 |a 1. La toma del colegio durante la primavera camporista -- 2. Despacio escuela -- 3. Se dice de mí -- 4. Si querés celeste... -- 5. Los pibes van al centro -- 6. Detrás de los vidrios -- Duración aproximada de cada cortometraje 20 minutos. Duración total aproximada: 1 hora 40 minutos 
520 |a Cortos audiovisuales realizados por jóvenes de escuelas y organizaciones sociales en el marco del Programa Jóvenes y Memoria de la Comisión provincial por la Memoria. Los trabajos abordan problemas específicos relacionados con su localidad y expresan los interrogantes que los/as jóvenes se han planteado sobre el pasado y el presente de su comunidad, abordando temas no sólo relacionados a la historia reciente sino también a la agenda actual de los derechos humanos. Las obras de este volumen fueron realizadas por estudiantes de la Escuela Normal Superior – Bahía Blanca, Colegio N° 2- Barrio Norte Ciudad de Buenos, EEMN° 1- Villa Gesell, EEMNº 1- Magdalena, Colegio Amuyén- Mar del Plata, y del ESBNº 20- Ituzaingó. 
538 |a Soporte: DVD -- Formato: DVD -- Peso: 3.72gb -- Resolución: 720 x 576 -- 25fps - PAL 
500 |a Hacia una pedagogía de la memoria -- Pasado reciente -- Modelos para armar II. 
110 2 |a Programa Jóvenes y Memoria. 
710 2 |a Comisión Provincial por la memoria. 
710 2 |a Escuela Normal Superior UNS. 
653 |a ARGENTINA 
653 |a HISTORIA 
653 |a DICTADURA 
653 |a JÓVENES Y MEMORIA 
653 |a COMISIÓN POR LA MEMORIA 
653 |a DESAPARECIDOS 
653 |a TERRORISMO DE ESTADO 
653 |a ESTUDIANTES 
653 |a DERECHOS HUMANOS 
856 |u https://www.comisionporlamemoria.org/jovenesymemoria/colecciones/vol-3/ 
859 |a CEMS  |b BIB. CEMS - Depto. Recursos Didacticos  |h 982  |i JOV-1  |k DRD  |p 2945.22  |t Ej.1